000 00522nam a2200157 a 4500
001 000033196
005 20200930070106.0
008 110822s1948 dr 000 0 spa d
040 _aDO-SdBNP
_bspa
_cBNPHU
082 _axxx
_bC965h
100 1 _aCuesta Mendoza, Antonio,
_d1873-
_958304
245 1 0 _aHistoria de la educación en el Puerto Rico Colonial :
_b1821-1898 /
_cAntonio Cuesta Mendoza.
260 _aCiudad Trujillo, República Dominicana :
_bArtey cine,
_c1948.
300 _av. ;
_c22 cm.
505 0 _gVolumen II :
999 _c32687
_d32687